Estados de México con el Menor Número de Fronteras - Estadísticas

Estadísticas generales
  • Esta prueba ha sido intentada 1.032 veces
  • La puntuación promedio es 5 de 7
Estadísticas de respuestas
# Estado % Correcto
2 Baja California
97%
1 Baja California Sur
89%
2 Yucatán
88%
2 Quintana Roo
82%
2 Colima
69%
2 Aguas Calientes
62%
2 Distrito Federal
26%
No se encontraron pruebas coincidentes
Distribución de puntuación
Porcentaje de gente con cada puntuación
Porcentaje por número respondido
Historial de tus puntuaciones
No has intentado esta prueba.